000 01537cam a22003615i 4500
001 18290201
003 EG-ScBUE
005 20250812093415.0
008 140904t2016 nyua f bd 001 0 eng d
020 _a9781464135385
020 _a146413538X
040 _aEG-ScBUE
_beng
_erda
_cEG-ScBUE
_dEG-ScBUE
082 0 4 _a545
_bHAR
_222
100 1 _aHarris, Daniel C.,
_d1948-
_930057
_eauthor.
245 1 0 _aQuantitative chemical analysis /
_cDaniel C. Harris, Michelson Laboratory, China Lake, California, Charles A. Lucy, Contributing Author, University of Alberta, Edmonton, Alberta.
250 _aNinth edition.
264 1 _aNew York :
_bW. H. Freeman & Company/a Macmillan Education Imprint,
_c[2016]
264 4 _cc2016
300 _a1 volume (various pagings) :
_billustrations (some color) ;
_c29 cm
336 _2rdacontent
_atext
_btxt
337 _aunmediated
_2rdamedia
_bn
338 _avolume
_bnc
_2rdacarrier
500 _aIncludes glossary.
504 _aIncludes bibliographical references and index.
650 7 _aChemistry, Analytic
_xQuantitative.
_2BUEsh
653 _bPPhrm
_cOctober2016
655 _vReading book
_934232
700 1 _aLucy, Charles A.,
_eauthor.
856 4 2 _3Contributor biographical information
_uhttps://www.loc.gov/catdir/enhancements/fy1613/2014950382-b.html
856 4 2 _3Publisher description
_uhttps://www.loc.gov/catdir/enhancements/fy1613/2014950382-d.html
856 4 1 _3Table of contents only
_uhttps://www.loc.gov/catdir/enhancements/fy1613/2014950382-t.html
942 _2ddc
_cBB
999 _c22771
_d22743